| 000 | 00733cab a2200229 4500 | ||
|---|---|---|---|
| 001 | X2908 | ||
| 008 | 090401t1995 xxu||||| |||| 00| 0 eng d | ||
| 035 | _a(Sirsi) u27170 | ||
| 041 | _aeng | ||
| 245 | _aCourt to rule on common land | ||
| 260 | _c1995 | ||
| 350 | _a0 | ||
| 490 |
_aCSM (Chartered Surveyor Monthly) _v4(9) July/August 1995, 11(1) |
||
| 520 | _aConsiders the case of a 3,500 acre grouse moor which the owner has applied to have taken off the Common Land Register as commoners surrendered their grazing rights in return for leases. | ||
| 650 | _aCOMMON LAND REGISTER | ||
| 650 | _aCOMMON LAND | ||
| 650 | _aDALLOWGILL MOOR | ||
| 650 | _aGROUSE MOOR | ||
| 690 | _aLAND | ||
| 942 | _n0 | ||
| 948 | _c04/03/1997 | ||
| 999 |
_c18296 _d18296 |
||